Paysages Villes Européennes - Statistiques

Statistiques générales
  • Ce quiz a été pris 74 fois
  • Le résultat moyen est 6 sur 16
Statistiques - réponses
Par images Réponse % Correct
florence
67%
vienne
62%
varsovie
48%
kiev
41%
munich
41%
sofia
38%
stockholm
38%
bruges
35%
ljubljana
33%
zagreb
32%
edimbourg
30%
nice
30%
Tallinn
30%
luxembourg
29%
cracovie
18%
grenade
18%
Aucun quiz correspondant
Distribution des résultats
% des personnes avec chaque résultat
Percentile par nombre de réponses
Votre historique - résultats
Vous n’avez pas pris ce quiz